000 00440nam a22001697a 4500
005 20260330143100.0
008 260330b |||||||| |||| 00| 0 eng d
020 _a9781041042846
082 _a658
_bWOO B22833
100 _aWoodcock J
_9217452
245 _aEmployment :
_bA Key Idea for Business and Society
260 _aNY
_bRoutledge
_c2025
300 _a121p
500 _aGeneral Management
500 _aEmployment
942 _cBK
999 _c370815
_d370815